000 01206cam a22003617a 4500
003 CHAP
005 20220329142952.0
008 050516d2000 ca r 00110 eng d
010 _a90260
011 _a91232
020 _a0889369267
035 _a101790
040 _cCHAP
082 0 4 _a581.151
_bC7
110 0 0 _aThe Crucible II Group
_9112644
245 1 0 _aSeeding solutions
_c/by The Crucible II Group
260 _aOttawa :
_bInternational Development Research Centre,
_c2000.
300 _av.
500 _aLa biblioteca tiene : v.1 Policy options for genetic resources : people, plant, and patents revisited
590 _aBATCH-UPD
_b10
_c20130110
_lUCH01
_h0739
590 _aBATCH-UPD
_b10
_c20130410
_lUCH01
_h0421
590 _aBATCH-UPD
_b10
_c20130914
_lUCH01
_h0629
590 _aCONVERSION
_b10
_c20130109
_lUCH01
_h1350
650 1 4 _aBiodiversidad.
_912724
650 1 4 _aGermoplasma.
_947766
650 1 4 _aPlantas
_xPatentes.
_988877
650 1 4 _aRecursos genéticos
_xConservación.
_995081
650 1 4 _aRecursos vegetales
_xConservación.
_995338
901 _aBK
905 _aLilia
942 _cLIBRO
949 _a581.151 C7
_bBC
_cLIBRO
_d33724000950473
_eLIBRO
_h105645
_i101790
_sb
999 _c90260
_d90260